LEADER 00957nam a2200217 i 4500 001 000000174326 003 CaOOAMICUS 005 20080901000000.0 008 080901s1930 it u000 u ita u 013 $a151802 040 $aSeMil$bita 100 1 $aPizzi, Italo <1849-1920>.$0(OLS)http://semarc/name/10182 245 10$aStoria della letteratura greca /$cDott. Prof. Italo Pizzi della R. Università di Torino. 250 $aNuova Edizione Riveduta. 260 $aTorino ; Milano [etc.] :$bSocietà Editrice Internazionale,$cstampa 1930. 300 $aVIII, 308 p. ;$c21 cm. 650 4$aLetteratura greca antica - Storia.$0(OLS)http://semarc/subject/408 850 $aSeMil 852 $aSeMil$W1$xVenegono$y1$m1Z II 39$j237315$B125164$CSeMilBibl$Z2$F136070 $81 996 $6245$aStoria della letteratura greca$9(OLS)http://semarc/title/27524 996 $6260$aTorino ; Milano [etc.] :$bSocietà Editrice Internazionale$9(OLS)http://semarc/publisher/33070 LEADER 01428nam a2200229 4500 001 000000341787 003 CaOOAMICUS 005 20200827150143.0 008 200827s1789 fr a 000 u fre r 026 $a49e& 3.1. 3.2. be(e (3) 1789 (R) 040 $aSeMil$bita 245 00$aTome 3. 264 1$aA Paris :$bChez De Bure l'aîné, libraire de Monsieur frère du roi; de la bibliotheque du roi, et de l'Académie Royale des inscriptions; hôtel Ferrand, rue Serpente,$c1789. 300 $a[6], 362, [2] p. ;$c8° 500 $aSegn.: pg2 a2(-a1) A-Y8 Z6 700 11$aBarthélemy, Jean Jacques,$d<1716-1795>.$0(OLS)http://semarc/name/12138 773 0 $aBarthélemy, Jean Jacques <1716-1795>$tVoyage du jeune Anacharsis en Grèce, dans le milieu du quatrième siècle avant l'ère vulgaire. Tome 1. [-9.].$dA Paris : Chez De Bure l'aîné, libraire de Monsieur frère du roi; de la bibliotheque du roi, et de l'Académie Royale des inscriptions; hôtel Ferrand, rue Serpente, 1789.$g3$w()341779 850 $aSeMil 852 $aSeMil$W1$xVenegono$y1$m3XG II 27 FA$j221231$B232827$CSeMilBibl$Z2$F232827 $8I 996 $6245$aTome 3$9(OLS)http://semarc/title/1575 996 $6264$aA Paris :$bChez De Bure l'aîné, libraire de Monsieur frère du roi; de la bibliotheque du roi, et de l'Académie Royale des inscriptions; hôtel Ferrand, rue Serpente$9(OLS)http://semarc/publisher/59260